000 00733cam a22002294a 4500
001 15486222
005 20180207050917.0
008 081016s2010 cau b 001 0 eng
010 _a 2008044432
020 _a9780321570840 (student ed.)
040 _aDLC
_cDLC
_dDLC
041 _aeng
080 _a613.2 JAN
082 0 0 _a613.2 JAN
_222
100 1 _a10
101 _aNUT
245 1 0 _aNutrition for life /
_cJanice Thompson, Melinda Manore.
504 _aIncludes bibliographical references and index.
906 _a7
_bcbc
_corignew
_d1
_eecip
_f20
_gy-gencatlg
942 _2ddc
_cBK
999 _c42002
_d42002